| 000 | 00799nam a2200265Ia 4500 | ||
|---|---|---|---|
| 003 | OSt | ||
| 005 | 20221005063521.0 | ||
| 006 | a|||||r|||| 00| 0 | ||
| 007 | ta | ||
| 008 | 221004b |||||||| |||| 00| 0 eng d | ||
| 020 |
_a9780300123029 (pbk) _c665.88 |
||
| 024 | _a2179 | ||
| 037 |
_b36520, 21/12/2012, Segment Book Distributors _cTextual |
||
| 040 |
_aCRL _cCRL _beng |
||
| 041 |
_2eng _aeng |
||
| 082 | _aW691xM18, Q2 | ||
| 100 | _aKarl Marx | ||
| 245 | 0 | _aCommunist manifesto | |
| 260 |
_aLondon _bYale University UK _c2012 |
||
| 300 |
_axii, 212p. _ccm. |
||
| 650 | _aPOLITICAL SCIENCE | ||
| 700 | _a Engles Friedrich | ||
| 942 |
_hW691xM18, Q2 _cTEXL _2cc |
||
| 999 |
_c971549 _d971549 |
||